Análisis de intervención sobre las series de tiempo de energía y demanda de la CNFL S.A. utilizando TRAMO-SEATS
Shranjeno v:
| Glavni avtor: | |
|---|---|
| Drugi avtorji: | |
| Format: | Knjiga |
| Jezik: | Spanish |
| Izdano: |
[San José, Costa Rica]
2013
|
| Teme: | |
| Oznake: |
Označite
Brez oznak, prvi označite!
|
MARC
| LEADER | 00000nam a22000007a 4500 | ||
|---|---|---|---|
| 003 | 011694 | ||
| 005 | 20230830101334.0 | ||
| 008 | 151006b2013 cr a|||| |||| 00| ||spa d | ||
| 040 | |c cru CEDI | ||
| 090 | |a TFG 6864 | ||
| 100 | |9 1304 |a Zamora Mejías, Alonso Gerardo,1990- | ||
| 245 | |a Análisis de intervención sobre las series de tiempo de energía y demanda de la CNFL S.A. utilizando TRAMO-SEATS | ||
| 260 | |a [San José, Costa Rica] |c 2013 | ||
| 300 | |a xi, 85 hojas : ilustraciones a color | ||
| 500 | |a Proyecto de graduación (bachillerato en ingeniería eléctrica)--Universidad de Costa Rica. Facultad de Ingeniería. Escuela de Ingeniería Eléctrica | ||
| 501 | |a Profesor Guía de IE-0502 Proyecto Eléctrico: Ing. Raúl Fernández Vásquez | ||
| 650 | |x DISTRIBUCION DE ENERGIA ELECTRICA |x ENERGIA ELECTRICA |x REDES ELECTRICAS |9 1320 | ||
| 700 | |9 803 |a Fernández Vásquez, Raúl Gerardo, 1984- |d Director de Proyecto Eléctrico | ||
| 942 | |c CEDI | ||
| 999 | |c 14080 |d 14080 | ||
